| 000 | 01044nam a2200265 i 4500 | ||
|---|---|---|---|
| 003 | EG-ScBUE | ||
| 005 | 20230814120347.0 | ||
| 008 | 100406s2005 mr f b 000 0 ara d | ||
| 020 | _a9953680655 | ||
| 040 |
_aEG-ScBUE _bara _erda _cEG-ScBUE _dEG-ScBUE |
||
| 082 | 0 | 4 |
_222 _bأ و م _a301.092 |
| 100 | 1 |
_913363 _aأومليل، علي، _eمؤلف. |
|
| 245 | 1 | 2 |
_aالخطاب التاريخي : _bدراسة لمنهجية ابن خلدون / _cعلي أومليل. |
| 250 | _aالطبعة الرابعة. | ||
| 264 | 1 |
_aالرباط : _bالمركز الثقافي العربي، _c2005. |
|
| 300 |
_a295 صفحة ؛ _c21 سم |
||
| 336 |
_2rdacontent _aنص _btxt |
||
| 337 |
_2rdamedia _aبدون وسيط _bn |
||
| 338 |
_2rdacarrier _aمجلد _bnc |
||
| 504 | _aيشتمل على إرجاعات ببليوجرافية. | ||
| 600 | 1 | 7 |
_913366 _aابن خلدون، عبد الرحمن بن محمد، _d732-808 هـ.. _2BUEsh |
| 650 | 7 |
_aالاجتماع، علم _vتراجم. _2BUEsh |
|
| 655 | _vReading book | ||
| 942 |
_2ddc _cBB |
||
| 999 |
_c13850 _d13850 |
||